[Event "CYCC U18"]
[Site "Hamilton CAN"]
[Date "2022.07.09"]
[Round "3.13"]
[White "Ashley, Mathew"]
[Black "Sayadi, Amin"]
[Result "0-1"]
[WhiteElo "1196"]
[BlackElo "1371"]
[PlyCount "24"]
[EventDate "2022.07.08"]
[EventType "swiss"]
[EventRounds "7"]
[EventCountry "CAN"]

1. d4 d5 2. c4 c6 3. Nc3 Bf5 4. cxd5 cxd5 5. Qb3 e6 6. Qxb7 Nd7 7. f3 Qb8 8.
Qxb8+ Rxb8 9. Bf4 Rxb2 10. e3 Bb4 11. Rc1 Rb1 12. Rxb1 Bxc3+ 0-1

[Event "CYCC U18"]
[Site "Hamilton CAN"]
[Date "2022.07.09"]
[Round "4.9"]
[White "Rodrigue-Lemieux, Shawn"]
[Black "Doknjas, Neil"]
[Result "1-0"]
[WhiteElo "2493"]
[BlackElo "2262"]
[PlyCount "77"]
[EventDate "2022.07.08"]
[EventType "swiss"]
[EventRounds "7"]
[EventCountry "CAN"]

1. c4 e6 2. g3 d5 3. Bg2 Nf6 4. Nf3 Be7 5. O-O O-O 6. d4 dxc4 7. Qc2 a6 8. a4
Bd7 9. Qxc4 Bc6 10. Bf4 Bd6 11. Qc1 Nbd7 12. Nc3 Nd5 13. Bg5 Qe8 14. Nxd5 Bxd5
15. Re1 h6 16. Bxh6 gxh6 17. e4 Bb3 18. Re3 Bxa4 19. Rxa4 c5 20. e5 Nxe5 21.
dxe5 Qxa4 22. exd6 Rad8 23. Rd3 Kg7 24. h3 Qb5 25. Qc3+ f6 26. Nd2 Rf7 27. Ne4
b6 28. g4 Qb4 29. Qc1 c4 30. Rg3 Rxd6 31. Nxd6 Qxd6 32. Qxc4 b5 33. Rd3 Qe5 34.
Qc3 Qf4 35. Qd2 Qe5 36. Rd7 Rxd7 37. Qxd7+ Kf8 38. Qc8+ Kf7 39. Qb7+ 1-0

[Event "CYCC U18"]
[Site "Hamilton CAN"]
[Date "2022.07.09"]
[Round "4.10"]
[White "Wang, Bingfei"]
[Black "Zomorrodian, Eilia"]
[Result "0-1"]
[WhiteElo "1919"]
[BlackElo "2263"]
[PlyCount "98"]
[EventDate "2022.07.08"]
[EventType "swiss"]
[EventRounds "7"]
[EventCountry "CAN"]

1. d4 Nf6 2. c4 g6 3. g3 Bg7 4. Bg2 O-O 5. e3 d6 6. Ne2 c5 7. O-O Nc6 8. Nbc3
Bf5 9. b3 a6 10. Bb2 Qa5 11. d5 Na7 12. Qd2 b5 13. Ne4 Qxd2 14. Nxd2 Bd3 15.
Rfe1 Rab8 16. cxb5 Bxe2 17. Rxe2 axb5 18. Ne4 Nxe4 19. Bxe4 b4 20. Bxg7 Kxg7
21. Bd3 Nc8 22. Bc4 Nb6 23. Rc1 Ra8 24. Rcc2 Ra5 25. e4 Rfa8 26. f4 h5 27. Kf2
R8a7 28. Red2 e6 29. dxe6 Nxc4 30. e7 Nxd2 31. e8=Q Rxa2 32. Rxa2 Rxa2 33. e5
Nxb3+ 34. Kf1 Nd2+ 35. Ke2 Nc4+ 36. Kf3 Ra3+ 37. Kf2 Ra2+ 38. Kf3 dxe5 39. fxe5
Ra6 40. Qb5 Nxe5+ 41. Ke4 Re6 42. Kd5 Ng4 43. Qb8 Re5+ 44. Kc4 Rf5 45. h3 Ne5+
46. Kb3 c4+ 47. Kc2 Rf2+ 48. Kd1 Nd3 49. Qb5 b3 0-1

[Event "CYCC U18"]
[Site "Hamilton CAN"]
[Date "2022.07.09"]
[Round "4.11"]
[White "Wu, Tony (Dongze)"]
[Black "Superceanu, Andi"]
[Result "1/2-1/2"]
[WhiteElo "2146"]
[BlackElo "1944"]
[PlyCount "201"]
[EventDate "2022.07.08"]
[EventType "swiss"]
[EventRounds "7"]
[EventCountry "CAN"]

1. d4 d5 2. g3 Nf6 3. Bg2 e6 4. Nf3 Be7 5. O-O O-O 6. c4 b6 7. cxd5 exd5 8. Nc3
Bb7 9. Ne5 Na6 10. Qa4 Qe8 11. Qb3 c5 12. e3 cxd4 13. exd4 Nc7 14. Be3 Bd6 15.
Rfe1 Ne4 16. Nd3 Nxc3 17. Qxc3 Qa4 18. b3 Qd7 19. Bf4 Ne6 20. Bh3 f5 21. Ne5
Qe7 22. Nc6 Qd7 23. Ne5 Qe7 24. Qd3 Nxf4 25. gxf4 Qh4 26. Qg3 Qxg3+ 27. hxg3 g6
28. Bf1 Rfd8 29. Bg2 Ba3 30. Nd3 Ba6 31. Rad1 Bxd3 32. Rxd3 Rd7 33. Re5 Rad8
34. Kf1 Kf7 35. Ke2 Be7 36. Rd1 Bf6 37. Re3 Rc8 38. Kd3 Rcc7 39. Ree1 Rd6 40.
Rc1 Rxc1 41. Rxc1 Rd7 42. Rc6 Be7 43. Bf3 Bf6 44. Kc3 Ke7 45. b4 Kf7 46. a4 Bd8
47. Bg2 Ke7 48. Bh1 Kf7 49. Bf3 Ke7 50. Kd3 Kf7 51. Rc2 Be7 52. Re2 Bf6 53. a5
Rd8 54. Re1 Rd7 55. Rc1 Be7 56. axb6 axb6 57. b5 Bd8 58. Rc2 Be7 59. Ra2 Bd8
60. Ra1 Be7 61. Ra8 Bd8 62. Rc8 Ke7 63. Rc1 Kf7 64. Rc8 Ke7 65. Rb8 Kf7 66. Rb7
Rxb7 67. Bxd5+ Ke7 68. Bxb7 Kd6 69. Bg2 Be7 70. Kc4 Bf6 71. Bd5 h6 72. Bf7 g5
73. Bg6 gxf4 74. gxf4 Bh4 75. Bxf5 Bxf2 76. Kd3 Bh4 77. Ke4 Be7 78. Bg4 Bf6 79.
Bf3 Bg7 80. Bh5 Bf6 81. Be8 Bg7 82. d5 Bc3 83. Bf7 Bd2 84. f5 Bg5 85. Bh5 Bf6
86. Bg6 Bg5 87. Bf7 Bf6 88. Kf4 Kc5 89. Kg4 Kxb5 90. Kh5 Kc5 91. Kxh6 Kd6 92.
Kg6 Bd8 93. Be6 Ke5 94. Kf7 b5 95. Ke8 Bg5 96. Kd7 Be3 97. Kc7 b4 98. d6 Bg5
99. d7 b3 100. f6 Bxf6 101. Bxb3 1/2-1/2

[Event "CYCC U18"]
[Site "Hamilton CAN"]
[Date "2022.07.09"]
[Round "4.13"]
[White "Sayadi, Amin"]
[Black "Yoker, Callum"]
[Result "0-1"]
[WhiteElo "1371"]
[BlackElo "1670"]
[PlyCount "134"]
[EventDate "2022.07.08"]
[EventType "swiss"]
[EventRounds "7"]
[EventCountry "CAN"]

1. e4 e6 2. d4 d5 3. f3 dxe4 4. fxe4 Qh4+ 5. Ke2 Qxe4+ 6. Be3 Nf6 7. Nd2 Qc6 8.
Ke1 Be7 9. Nc4 O-O 10. Nf3 Nbd7 11. Bg5 h6 12. Bh4 Nb6 13. Ne3 Nbd5 14. Ne5 Qd6
15. N3g4 Nxg4 16. Bxe7 Qxe7 17. Qxg4 Qb4+ 18. Kf2 Qd2+ 19. Kg3 f5 20. Rd1 Qxc2
21. Qe2 f4+ 22. Kf2 Qf5 23. Qf3 Qc2+ 24. Qe2 Qa4 25. b3 Qb4 26. Qd3 Qc3 27. Be2
Qxd3 28. Rxd3 Rd8 29. Rf3 Bd7 30. Rc1 c6 31. Bd3 Be8 32. Ng6 Bxg6 33. Bxg6 Ne7
34. Be4 Rxd4 35. Rxf4 e5 36. Ke3 exf4+ 37. Kxd4 Rd8+ 38. Ke5 Nd5 39. Rd1 Re8+
40. Kd4 Rxe4+ 41. Kxe4 Nc3+ 42. Kxf4 Nxd1 43. Ke5 Nc3 44. a3 b6 45. a4 c5 46.
g4 Kf7 47. h4 Ne2 48. g5 hxg5 49. hxg5 Nd4 50. b4 Nc6+ 51. Kf5 cxb4 52. g6+ Ke7
53. Ke4 Kf6 54. Kd3 Kxg6 55. a5 bxa5 56. Kc2 Kf5 57. Kb3 g5 58. Kc4 g4 59. Kb5
b3 60. Ka6 b2 61. Kb7 b1=Q+ 62. Kxc6 Qb4 63. Kd7 Qb6 64. Ke7 Qe6+ 65. Kf8 Qd7
66. Kg8 Kg6 67. Kf8 Qf7# 0-1

[Event "CYCC U18"]
[Site "Hamilton CAN"]
[Date "2022.07.09"]
[Round "4.14"]
[White "Yu, Christopher"]
[Black "Khamidov, Bek"]
[Result "0-1"]
[WhiteElo "1591"]
[BlackElo "782"]
[PlyCount "88"]
[EventDate "2022.07.08"]
[EventType "swiss"]
[EventRounds "7"]
[EventCountry "CAN"]

1. e4 e5 2. Nf3 Nc6 3. Bb5 d6 4. d4 Bd7 5. O-O Nxd4 6. Bxd7+ Qxd7 7. Nxd4 exd4
8. Qxd4 Qe6 9. Nc3 a6 10. Be3 Nf6 11. Rfe1 Be7 12. Nd5 Nxd5 13. exd5 Qe5 14.
Qa4+ b5 15. Qb3 O-O 16. Bb6 Qg5 17. Bxc7 Rfc8 18. Ba5 Bf6 19. Re2 Rc5 20. Rae1
Kf8 21. Qh3 h6 22. Qd7 Kg8 23. Re8+ Rxe8 24. Qxe8+ Kh7 25. Qxf7 Rxc2 26. Qe6
Rxb2 27. Qxd6 Bd4 28. h4 Qxh4 29. Qh2 Bxf2+ 30. Kh1 Qxh2+ 31. Kxh2 Bxe1 32.
Bxe1 Re2 33. Bb4 Re8 34. Kg3 Kg6 35. Kf4 Kf6 36. Bc3+ Ke7 37. Ke5 Kd7+ 38. Kd4
Re2 39. a3 Rxg2 40. Bb4 g5 41. Kc5 h5 42. Kb6 h4 43. Kxa6 h3 44. Kxb5 h2 0-1

[Event "CYCC U18"]
[Site "Hamilton CAN"]
[Date "2022.07.09"]
[Round "4.15"]
[White "Ashley, Mathew"]
[Black "Faizy, Mohammed"]
[Result "0-1"]
[WhiteElo "1196"]
[BlackElo "1395"]
[PlyCount "64"]
[EventDate "2022.07.08"]
[EventType "swiss"]
[EventRounds "7"]
[EventCountry "CAN"]

1. d4 Nf6 2. c4 e6 3. Nf3 d5 4. Nc3 dxc4 5. e3 c5 6. Bxc4 Nc6 7. O-O cxd4 8.
exd4 Bd6 9. Re1 O-O 10. Qc2 h6 11. a3 Nxd4 12. Nxd4 Bxh2+ 13. Kf1 Qxd4 14. Be2
Qh4 15. Qd1 Be5 16. Bf3 Bxc3 17. bxc3 Bd7 18. Kg1 Bc6 19. Be2 Rad8 20. Qc2 Ng4
21. Bxg4 Qxg4 22. f3 Bxf3 23. Be3 Be4 24. Qf2 Rd5 25. c4 Rf5 26. Qd2 Kh7 27.
Rf1 Rd8 28. Qb2 Rh5 29. Rxf7 Rf5 30. Rxf5 exf5 31. Qf2 Rd3 32. Kh2 Rxe3 0-1

[Event "CYCC U18"]
[Site "Hamilton CAN"]
[Date "2022.07.10"]
[Round "5.1"]
[White "Superceanu, Andi"]
[Black "Rodrigue-Lemieux, Shawn"]
[Result "0-1"]
[WhiteElo "1944"]
[BlackElo "2493"]
[PlyCount "90"]
[EventDate "2022.07.08"]
[EventType "swiss"]
[EventRounds "7"]
[EventCountry "CAN"]

1. e4 c6 2. d4 d5 3. exd5 cxd5 4. Bd3 Nc6 5. c3 Nf6 6. Bf4 Bg4 7. Qb3 Qd7 8.
Nd2 e6 9. Ngf3 Bd6 10. Bxd6 Qxd6 11. O-O O-O 12. Rae1 Rab8 13. Ne5 b5 14. Nxg4
Nxg4 15. f4 b4 16. Qd1 Nf6 17. g4 bxc3 18. bxc3 g6 19. Nb3 Nd7 20. Re3 a5 21.
Qe1 a4 22. Nc1 Rb2 23. Rh3 f5 24. Re3 Nd8 25. gxf5 exf5 26. c4 Nf6 27. Re5 Nc6
28. Qc3 Qb4 29. Qxb4 Rxb4 30. a3 Rbb8 31. Re6 Nxd4 32. Ra6 dxc4 33. Bxc4+ Kg7
34. Rxa4 Ra8 35. Rxa8 Rxa8 36. Ne2 Nxe2+ 37. Bxe2 Rxa3 38. Bf3 Kh6 39. Kg2 Nh5
40. Bxh5 Kxh5 41. Rb1 Kg4 42. Rb7 Ra2+ 43. Kg1 Kf3 44. h4 Kg3 45. Kf1 Kxh4 0-1

[Event "CYCC U18"]
[Site "Hamilton CAN"]
[Date "2022.07.10"]
[Round "5.2"]
[White "Doknjas, Neil"]
[Black "Zomorrodian, Eilia"]
[Result "1-0"]
[WhiteElo "2262"]
[BlackElo "2263"]
[PlyCount "85"]
[EventDate "2022.07.08"]
[EventType "swiss"]
[EventRounds "7"]
[EventCountry "CAN"]

1. e4 c5 2. Nf3 e6 3. d4 cxd4 4. Nxd4 a6 5. Nc3 b5 6. Bd3 Qb6 7. Nb3 Nc6 8. Bf4
d6 9. a4 b4 10. a5 Qc7 11. Na4 Ne5 12. Nb6 Nxd3+ 13. cxd3 Rb8 14. Rc1 Qd8 15.
Qd2 e5 16. Be3 Be6 17. Qxb4 Nf6 18. Nd2 Be7 19. O-O O-O 20. Qc3 d5 21. Qxe5 Ng4
22. Qg3 Bh4 23. Qf3 Ne5 24. Qe2 dxe4 25. dxe4 Bf6 26. Rfd1 Nd3 27. Rc2 Nxb2 28.
Rf1 Nd3 29. f4 Nb4 30. Rcc1 Na2 31. Rce1 Bc3 32. f5 Bc8 33. Nd5 Bxa5 34. Qc4
Nb4 35. f6 Nxd5 36. exd5 Re8 37. Qf4 Rb6 38. Bd4 Rxe1 39. Rxe1 Rb4 40. Qg5 Qf8
41. Re8 g6 42. Rxf8+ Kxf8 43. Bc5+ 1-0

[Event "CYCC U18"]
[Site "Hamilton CAN"]
[Date "2022.07.10"]
[Round "5.10"]
[White "England, Max"]
[Black "Faizy, Mohammed"]
[Result "1/2-1/2"]
[WhiteElo "2084"]
[BlackElo "1395"]
[PlyCount "122"]
[EventDate "2022.07.08"]
[EventType "swiss"]
[EventRounds "7"]
[EventCountry "CAN"]

1. e4 c5 2. Nf3 e6 3. d4 cxd4 4. Nxd4 Nc6 5. Nc3 a6 6. Be2 Qc7 7. Be3 Nf6 8. a3
Be7 9. Qd2 O-O 10. O-O b5 11. f4 Nxd4 12. Qxd4 Bb7 13. Bf3 d6 14. Rad1 Rfd8 15.
Qd2 Rac8 16. Qf2 d5 17. e5 Nd7 18. Bg4 Bc5 19. Bd4 g6 20. Bh3 Nb6 21. Rd3 Nc4
22. Nd1 a5 23. g4 b4 24. axb4 axb4 25. Bxc5 Qxc5 26. Rd4 Ba6 27. Re1 Na5 28.
Rd2 Qxf2+ 29. Rxf2 d4 30. f5 Bc4 31. b3 Bd5 32. Rd2 d3 33. Rxd3 Rxc2 34. fxe6
fxe6 35. g5 Rf8 36. Ne3 Rc3 37. Rxc3 bxc3 38. Nxd5 exd5 39. Be6+ Kg7 40. Bxd5
c2 41. e6 Rc8 42. Rc1 Kf8 43. b4 Rd8 44. Bf3 Rd3 45. Be2 Rd2 46. bxa5 Rxe2 47.
a6 Rxe6 48. Rxc2 Rxa6 49. Rc7 Ra4 50. h3 Kg8 51. Kg2 Rf4 52. Kg3 Ra4 53. h4 Rb4
54. Rc3 Kg7 55. Rf3 h6 56. Ra3 hxg5 57. hxg5 Rb7 58. Ra4 Re7 59. Kf4 Rf7+ 60.
Kg4 Kh7 61. Rf4 Kg7 1/2-1/2

[Event "CYCC U18"]
[Site "Hamilton CAN"]
[Date "2022.07.10"]
[Round "5.11"]
[White "Khamidov, Bek"]
[Black "Wang, Bingfei"]
[Result "0-1"]
[WhiteElo "782"]
[BlackElo "1919"]
[PlyCount "108"]
[EventDate "2022.07.08"]
[EventType "swiss"]
[EventRounds "7"]
[EventCountry "CAN"]

1. e4 e6 2. d4 d5 3. e5 c5 4. c3 Nc6 5. Nf3 Qb6 6. b3 cxd4 7. cxd4 Bb4+ 8. Bd2
Nxd4 9. Nxd4 Qxd4 10. Bb5+ Bd7 11. Bxd7+ Kxd7 12. O-O Bxd2 13. Nxd2 Ne7 14. Qe2
Nc6 15. Nf3 Qb4 16. Rfc1 Rac8 17. Qd3 Ke7 18. a3 Qb6 19. b4 h6 20. Rc3 Rc7 21.
Rac1 Rhc8 22. Qh7 Nxe5 23. Rxc7+ Rxc7 24. Rxc7+ Qxc7 25. h3 Qc1+ 26. Kh2 Qf4+
27. Kg1 Nxf3+ 28. gxf3 Qxf3 29. Qxg7 Qxh3 30. Qe5 Qg4+ 31. Kf1 Qd1+ 32. Kg2 Qc2
33. Qb8 Qc6 34. Qxa7 d4+ 35. Kg3 d3 36. Qd4 Qd6+ 37. Qxd6+ Kxd6 38. Kf3 e5 39.
Ke3 e4 40. f3 f5 41. fxe4 fxe4 42. a4 h5 43. b5 Kc5 44. Kf2 d2 45. Ke2 h4 46.
a5 Kxb5 47. a6 bxa6 48. Kxd2 h3 49. Ke2 h2 50. Kf2 h1=Q 51. Kg3 Qf3+ 52. Kh2
Qg4 53. Kh1 e3 54. Kh2 e2 0-1

[Event "CYCC U18"]
[Site "Hamilton CAN"]
[Date "2022.07.10"]
[Round "5.12"]
[White "Sayadi, Amin"]
[Black "Yu, Christopher"]
[Result "0-1"]
[WhiteElo "1371"]
[BlackElo "1591"]
[PlyCount "70"]
[EventDate "2022.07.08"]
[EventType "swiss"]
[EventRounds "7"]
[EventCountry "CAN"]

1. e4 c6 2. c4 d5 3. cxd5 cxd5 4. f3 Nc6 5. Bb5 e6 6. d4 Qa5+ 7. Nc3 Bb4 8.
Nge2 Qxb5 9. O-O Bxc3 10. Nxc3 Qb6 11. exd5 Qxd4+ 12. Qxd4 Nxd4 13. dxe6 Nxe6
14. Be3 Nf6 15. f4 O-O 16. f5 Nc7 17. Rf3 Ncd5 18. Bc5 Re8 19. Nxd5 Nxd5 20.
Rd1 b6 21. Bd4 Bb7 22. Rg3 f6 23. Rd2 Re7 24. h4 Rae8 25. h5 h6 26. Kf2 Kh7 27.
Ra3 a6 28. g3 Re4 29. Rf3 Rc8 30. Bc3 Nxc3 31. Rxc3 Rxc3 32. bxc3 Ra4 33. Ke1
Bc8 34. Rf2 Rg4 35. Rf3 Bb7 0-1

[Event "CYCC U18"]
[Site "Hamilton CAN"]
[Date "2022.07.10"]
[Round "6.9"]
[White "Rodrigue-Lemieux, Shawn"]
[Black "Wu, Tony (Dongze)"]
[Result "1-0"]
[WhiteElo "2493"]
[BlackElo "2146"]
[PlyCount "93"]
[EventDate "2022.07.08"]
[EventType "swiss"]
[EventRounds "7"]
[EventCountry "CAN"]

1. a3 Nf6 2. d4 e6 3. Nf3 b6 4. e3 Bb7 5. Bd3 c5 6. O-O Be7 7. b3 d6 8. Bb2
Nbd7 9. Nbd2 O-O 10. Qe2 Qc7 11. c4 Rfe8 12. Rac1 Bf8 13. e4 g6 14. e5 Nh5 15.
exd6 Bxd6 16. g3 cxd4 17. Nxd4 a6 18. Be4 e5 19. Nc2 Bf8 20. Qf3 Bxe4 21. Nxe4
f5 22. Nc3 Nhf6 23. Ne3 Bc5 24. Ncd5 Qd6 25. Rfd1 Bxe3 26. Qxe3 Ra7 27. Nxf6+
Qxf6 28. Rd5 f4 29. gxf4 Qxf4 30. Qxf4 exf4 31. Kf1 Kf7 32. Rcd1 Nf8 33. R1d4
Ne6 34. Re4 h6 35. h4 Rb7 36. h5 g5 37. Rf5+ Kg8 38. Rf6 Ng7 39. Rxe8+ Nxe8 40.
Rxh6 Rh7 41. Rg6+ Kf7 42. Rxg5 Nd6 43. f3 Ke6 44. Rg6+ Kd7 45. h6 a5 46. Rg7+
Rxg7 47. Bxg7 1-0

[Event "CYCC U18"]
[Site "Hamilton CAN"]
[Date "2022.07.10"]
[Round "6.10"]
[White "Doknjas, Neil"]
[Black "Superceanu, Andi"]
[Result "1/2-1/2"]
[WhiteElo "2262"]
[BlackElo "1944"]
[PlyCount "84"]
[EventDate "2022.07.08"]
[EventType "swiss"]
[EventRounds "7"]
[EventCountry "CAN"]

1. e4 c5 2. Nf3 Nc6 3. d4 cxd4 4. Nxd4 g6 5. Nc3 Bg7 6. Be3 Nf6 7. Nxc6 bxc6 8.
e5 Ng8 9. Bd4 Nh6 10. e6 O-O 11. Bxg7 Kxg7 12. Qd4+ f6 13. exd7 Qxd7 14. Qxd7
Bxd7 15. O-O-O Bf5 16. h3 Rad8 17. Re1 Rfe8 18. g4 Bd7 19. Na4 e5 20. Bc4 Nf7
21. Rd1 f5 22. Nc5 Bc8 23. Rxd8 Rxd8 24. Be6 Kf6 25. Bxc8 Rxc8 26. Kd2 Rd8+ 27.
Ke2 Ng5 28. h4 Ne6 29. Nxe6 Kxe6 30. f3 h6 31. Rg1 Rd4 32. h5 g5 33. Ke3 fxg4
34. fxg4 Rf4 35. Rg3 Kd5 36. Kd2 e4 37. Ke2 c5 38. b3 Rf6 39. a3 a5 40. Rc3 Rf4
41. Rg3 Rf6 42. Rc3 Rf4 1/2-1/2

[Event "CYCC U18"]
[Site "Hamilton CAN"]
[Date "2022.07.10"]
[Round "6.11"]
[White "Zomorrodian, Eilia"]
[Black "England, Max"]
[Result "1-0"]
[WhiteElo "2263"]
[BlackElo "2084"]
[PlyCount "95"]
[EventDate "2022.07.08"]
[EventType "swiss"]
[EventRounds "7"]
[EventCountry "CAN"]

1. Nf3 Nf6 2. g3 e6 3. Bg2 d5 4. O-O Be7 5. d3 O-O 6. c4 b6 7. Nc3 Bb7 8. a3 c5
9. Bf4 Nbd7 10. Qc2 Nh5 11. Bd2 d4 12. Na4 f5 13. e3 e5 14. exd4 exd4 15. Rfe1
Rf6 16. Re2 h6 17. Rae1 Bd6 18. Nxd4 Bxg2 19. Ne6 Qc8 20. Kxg2 Ne5 21. d4 Qb7+
22. d5 Rxe6 23. Qxf5 Rf6 24. Qxh5 Nxc4 25. Bc3 Rf7 26. Re8+ Rxe8 27. Rxe8+ Rf8
28. b3 Nxa3 29. Re6 Rd8 30. Bxg7 Be7 31. Rc6 Qd7 32. Nc3 Bd6 33. Bf6 Rc8 34.
Qg6+ Kf8 35. Qxh6+ Kf7 36. Qg7+ Ke8 37. Qg8+ Bf8 38. Re6+ Qe7 39. Bxe7 Kd7 40.
Rd6+ Kc7 41. Rc6+ Kb7 42. Rxc8 Bxe7 43. Ra8 Ka6 44. Qc8+ Ka5 45. Qg4 b5 46.
Rxa7+ Kb6 47. Qd7 c4 48. Qc7# 1-0

[Event "CYCC U18"]
[Site "Hamilton CAN"]
[Date "2022.07.10"]
[Round "6.12"]
[White "Faizy, Mohammed"]
[Black "Wang, Bingfei"]
[Result "0-1"]
[WhiteElo "1395"]
[BlackElo "1919"]
[PlyCount "100"]
[EventDate "2022.07.08"]
[EventType "swiss"]
[EventRounds "7"]
[EventCountry "CAN"]

1. e4 e6 2. d4 d5 3. Nc3 Nf6 4. Bg5 Be7 5. e5 Nfd7 6. h4 h6 7. Bxe7 Qxe7 8. Qg4
O-O 9. Nf3 c5 10. dxc5 Qxc5 11. O-O-O Qxf2 12. Re1 Nc6 13. Bb5 Ne7 14. Rhf1 Qb6
15. h5 a6 16. Bxd7 Bxd7 17. Nd4 Nc6 18. Nb3 Qc7 19. Qf4 b6 20. g4 f6 21. Qg3
Rac8 22. g5 fxg5 23. Rxf8+ Rxf8 24. Nd2 Be8 25. Qh3 Qe7 26. Na4 b5 27. Nc3 Rf4
28. Ne2 Rf5 29. Qe3 Rxe5 30. Qb6 Qa7 31. Qxa7 Nxa7 32. Nf3 Re4 33. Kd2 Bxh5 34.
Ng3 Bxf3 35. Nxe4 Bxe4 36. a4 b4 37. c4 a5 38. c5 Nc6 39. b3 g4 40. Ke3 g3 41.
Kf4 g2 42. Kg4 g5 43. Kh5 Kg7 44. Kg4 Ne5+ 45. Kg3 h5 46. c6 Nxc6 47. Kh2 Nd4
48. Rc1 Ne2 49. Rf1 gxf1=N+ 50. Kh3 Ng1# 0-1

[Event "CYCC U18"]
[Site "Hamilton CAN"]
[Date "2022.07.10"]
[Round "6.14"]
[White "Khamidov, Bek"]
[Black "Sayadi, Amin"]
[Result "1-0"]
[WhiteElo "782"]
[BlackElo "1371"]
[PlyCount "57"]
[EventDate "2022.07.08"]
[EventType "swiss"]
[EventRounds "7"]
[EventCountry "CAN"]

1. e4 e5 2. Nf3 Nc6 3. Bc4 Nf6 4. d3 Bc5 5. Be3 Bb6 6. Nc3 d6 7. a3 h6 8. Nd5
Bxe3 9. fxe3 Be6 10. O-O Ne7 11. Nxe7 Qxe7 12. Nd2 d5 13. exd5 Nxd5 14. Qf3 Qc5
15. Rae1 O-O-O 16. b4 Qb6 17. Kh1 Rhf8 18. Ne4 h5 19. Nc5 Bg4 20. Qe4 c6 21.
Qxe5 a5 22. Bxd5 cxd5 23. c3 f6 24. Qd4 axb4 25. axb4 Qd6 26. Ra1 Qe5 27. Qxe5
fxe5 28. Rxf8 Rxf8 29. Ra8+ 1-0

[Event "CYCC U18"]
[Site "Hamilton CAN"]
[Date "2022.07.11"]
[Round "7.1"]
[White "Wang, Bingfei"]
[Black "Rodrigue-Lemieux, Shawn"]
[Result "0-1"]
[WhiteElo "1919"]
[BlackElo "2493"]
[PlyCount "58"]
[EventDate "2022.07.08"]
[EventType "swiss"]
[EventRounds "7"]
[EventCountry "CAN"]

1. d4 a6 2. g3 d5 3. Bg2 Nf6 4. Nf3 Bf5 5. c4 e6 6. Nc3 c6 7. Bg5 Nbd7 8. Nh4
Bg4 9. Qb3 b5 10. cxb5 axb5 11. e4 h6 12. Bxf6 Nxf6 13. e5 Nd7 14. f4 g5 15.
Nf3 gxf4 16. gxf4 Bxf3 17. Bxf3 Qh4+ 18. Ke2 Qxf4 19. Rad1 b4 20. Rhf1 Nxe5 21.
Nxd5 cxd5 22. Bxd5 Qg4+ 23. Ke1 exd5 24. Qxd5 Ra5 25. Qb7 Bd6 26. dxe5 Rxe5+
27. Kd2 Re2+ 28. Kc1 Qc4+ 29. Kb1 Qc2+ 0-1

[Event "CYCC U18"]
[Site "Hamilton CAN"]
[Date "2022.07.11"]
[Round "7.2"]
[White "Wu, Tony (Dongze)"]
[Black "Doknjas, Neil"]
[Result "1/2-1/2"]
[WhiteElo "2146"]
[BlackElo "2262"]
[PlyCount "78"]
[EventDate "2022.07.08"]
[EventType "swiss"]
[EventRounds "7"]
[EventCountry "CAN"]

1. d4 d5 2. Nf3 Nf6 3. c4 e6 4. Nc3 dxc4 5. g3 Be7 6. Bg2 O-O 7. O-O c5 8. Bg5
Nd5 9. Bxe7 Qxe7 10. Ne5 Nc6 11. Nxc6 bxc6 12. dxc5 Qxc5 13. Rc1 Ba6 14. Qa4
Bb5 15. Qc2 a5 16. Bf3 Rfd8 17. a3 Rab8 18. Rfd1 Qe7 19. Rd2 Rd6 20. Rcd1 Rbd8
21. Rd4 Nb6 22. R4d2 Nd5 23. Rd4 Nb6 24. R4d2 e5 25. a4 Rxd2 26. Rxd2 Rxd2 27.
Qxd2 Nxa4 28. Nxa4 Bxa4 29. Qxa5 Bb5 30. Qa8+ Qf8 31. Bxc6 Qxa8 32. Bxa8 Kf8
33. f4 exf4 34. gxf4 Ke7 35. Kf2 Kd6 36. Ke3 Kc5 37. Be4 g6 38. Kf2 f5 39. Bc2
Kb4 1/2-1/2

[Event "CYCC U18"]
[Site "Hamilton CAN"]
[Date "2022.07.11"]
[Round "7.9"]
[White "Sayadi, Amin"]
[Black "Zomorrodian, Eilia"]
[Result "0-1"]
[WhiteElo "1371"]
[BlackElo "2263"]
[PlyCount "76"]
[EventDate "2022.07.08"]
[EventType "swiss"]
[EventRounds "7"]
[EventCountry "CAN"]

1. e4 Nf6 2. Nc3 d5 3. exd5 Nxd5 4. Nxd5 Qxd5 5. Nf3 g6 6. d4 Bg7 7. c3 O-O 8.
Be3 b5 9. Qc2 Bb7 10. c4 bxc4 11. Bxc4 Qa5+ 12. Bd2 Qb6 13. O-O-O Nc6 14. a3
Nxd4 15. Nxd4 Qxd4 16. Be3 Qe5 17. Rhe1 Be4 18. Qc3 Qxc3+ 19. bxc3 Bxc3 20. Bd2
Bxd2+ 21. Rxd2 Bxg2 22. Rxe7 Bh3 23. Ba6 c6 24. Rc2 Bg2 25. Bb7 Rae8 26. Rxe8
Rxe8 27. Bxc6 Bxc6 28. Rxc6 Re2 29. Ra6 Rxf2 30. Rxa7 Rxh2 31. a4 g5 32. a5 g4
33. a6 g3 34. Ra8+ Kg7 35. a7 Ra2 36. Re8 g2 37. Re1 Rxa7 38. Rg1 Ra1+ 0-1

[Event "CYCC U18"]
[Site "Hamilton CAN"]
[Date "2022.07.11"]
[Round "7.10"]
[White "Superceanu, Andi"]
[Black "Yu, Christopher"]
[Result "1-0"]
[WhiteElo "1944"]
[BlackElo "1591"]
[PlyCount "37"]
[EventDate "2022.07.08"]
[EventType "swiss"]
[EventRounds "7"]
[EventCountry "CAN"]

1. e4 c6 2. d4 d5 3. exd5 cxd5 4. Bd3 Nc6 5. c3 Nf6 6. Bf4 Bg4 7. Qb3 Bc8 8.
Nd2 e6 9. Ngf3 Bd6 10. Bxd6 Qxd6 11. O-O O-O 12. Rfe1 Qf4 13. Qc2 Qd6 14. Ne5
b6 15. Ndf3 Bb7 16. Ng5 h6 17. Bh7+ Kh8 18. Nexf7+ Rxf7 19. Nxf7# 1-0

[Event "CYCC U18"]
[Site "Hamilton CAN"]
[Date "2022.07.11"]
[Round "7.12"]
[White "England, Max"]
[Black "Ashley, Mathew"]
[Result "1-0"]
[WhiteElo "2084"]
[BlackElo "1196"]
[PlyCount "53"]
[EventDate "2022.07.08"]
[EventType "swiss"]
[EventRounds "7"]
[EventCountry "CAN"]

1. e4 c6 2. d4 d5 3. Nc3 dxe4 4. Nxe4 Nf6 5. Nxf6+ exf6 6. Nf3 Bd6 7. Bd3 O-O
8. O-O Re8 9. h3 Nd7 10. c4 Nf8 11. Qb3 Qc7 12. Bd2 a5 13. a4 Bd7 14. Rfe1 Ne6
15. Re2 Nf4 16. Bxf4 Bxf4 17. Rae1 Rxe2 18. Rxe2 Bd6 19. c5 Bf8 20. Bxh7+ Kxh7
21. Qxf7 Kh8 22. Re4 g5 23. Qxf6+ Kg8 24. Qxg5+ Kf7 25. Ne5+ Ke8 26. Nxd7+ Kxd7
27. Qf5+ 1-0

[Event "CYCC U18 w"]
[Site "Hamilton CAN"]
[Date "2022.07.08"]
[Round "1.14"]
[White "Morin, Sato"]
[Black "He, Emma"]
[Result "0-1"]
[WhiteElo "1366"]
[BlackElo "1903"]
[PlyCount "58"]
[EventDate "2022.07.08"]
[EventType "swiss"]
[EventRounds "7"]
[EventCountry "CAN"]

1. d4 d5 2. Bf4 Nf6 3. e3 e6 4. Nf3 Bd6 5. Bg3 O-O 6. Bd3 c5 7. c3 Qc7 8. Nbd2
Nbd7 9. Qe2 Re8 10. e4 e5 11. O-O exd4 12. cxd4 Bxg3 13. hxg3 dxe4 14. Nxe4
Nxe4 15. Bxe4 Nf6 16. Nd2 Bf5 17. f3 cxd4 18. Qd3 Bxe4 19. fxe4 Rad8 20. Rac1
Qe5 21. Rf5 Qe6 22. e5 Ng4 23. Ne4 Qh6 24. Rc7 Qh2+ 25. Kf1 Ne3+ 26. Kf2 Qxg2+
27. Ke1 Nxf5 28. Nf6+ gxf6 29. Qxf5 Rxe5+ 0-1

[Event "CYCC U18 w"]
[Site "Hamilton CAN"]
[Date "2022.07.08"]
[Round "1.15"]
[White "Wu, Ingrid"]
[Black "Guo, Hazel"]
[Result "1/2-1/2"]
[WhiteElo "1429"]
[BlackElo "1723"]
[PlyCount "96"]
[EventDate "2022.07.08"]
[EventType "swiss"]
[EventRounds "7"]
[EventCountry "CAN"]

1. e4 c5 2. Nf3 d6 3. d4 cxd4 4. Nxd4 Nf6 5. Nc3 g6 6. Be3 Bg7 7. f3 Nc6 8. Qd2
O-O 9. Be2 Bd7 10. g4 h5 11. h3 Rc8 12. Nb3 Ne5 13. Bd4 Nc4 14. Bxc4 Rxc4 15.
Qe2 Be6 16. Nd5 Bxd5 17. exd5 Qc8 18. c3 Re8 19. Kf2 Nxd5 20. Bxg7 Kxg7 21.
Rad1 Nf6 22. Rd4 Rxd4 23. Nxd4 Qc5 24. Kg2 e5 25. Nb3 Qc6 26. g5 Nd5 27. Qe4
Nf4+ 28. Kg3 Qxe4 29. fxe4 Ne6 30. h4 b6 31. Nd2 Nf4 32. Nc4 d5 33. exd5 Nxd5
34. Re1 f6 35. Rd1 Ne7 36. Rd7 Kf7 37. Nd6+ Ke6 38. Nxe8 Kxd7 39. Nxf6+ Kd6 40.
b3 Nf5+ 41. Kh3 Ne3 42. Kg3 Nd1 43. Ne4+ Kd5 44. Kf3 a5 45. Nf6+ Ke6 46. Ne4
Kd5 47. Nf6+ Ke6 48. Ne4 Kd5 1/2-1/2